00466nam a2200145 a 4500008004100000020001800041050001400059100002400073245008000097260004000177300001500217490002200232500002300254650004300277130520s2012 ||||||||||||||||| || u a9781853157325 aRC 58 MED aMcNeillis, Benjamin10aGet ahead: medicine 300 SBAs for finalscby Benjamin McNeillis [and others] aLondon:bHodder and Stoughtonc2012 axv, 245p.: aGet Ahead! series aSCHOOL OF MEDICINE aMEDICINE--EXAMINATIONS, QUESTIONS, ETC